| 000 | 00720nam a2200205Ii 4500 | ||
|---|---|---|---|
| 003 | JO-AjNU | ||
| 008 | 230605s9999||||xx |||||||||||||| ||und|| | ||
| 017 | _a2004/6/1490 | ||
| 040 |
_aJO-AjNU _bara _erda _cJO-AjNU |
||
| 041 | _aara | ||
| 050 | 1 | 4 | _aUB251.I75.I87 2004 |
| 100 | 3 |
_aتاليف العيسة، اسامة , _eauthor _910046 |
|
| 245 | 0 | 0 | _aكم طلقة في مسدس الموساد الاسرائيلي |
| 264 | 3 | 1 | _aعمان:دار اسامه للنشر، 2004 |
| 300 | _a192ص | ||
| 336 |
_atext _btxt _2rdacontent |
||
| 337 |
_aunmediated _bn _2rdamedia |
||
| 338 |
_avolume _bnc _2rdacarrier |
||
| 650 | 4 |
_aالمخابرات - اسرائيل - النزاع العربي الاسرائيلي _910047 |
|
| 999 |
_aA1609 _c5177 _d5177 |
||